000
00287nam a22001337a 4500
008
170714b xxu||||| |||| 00| 0 eng d
020
_a
9780268017590
041
_a
eng
080
_a
17
100
_a
24
101
_a
FIL
245
_a
A SHORT OF ETHICS
_c
MACINTYRE,A
942
_2
udc
_c
BK
999
_c
20790
_d
20790